000 01657nam0a2200361 4500
001 RU\NLR\bibl\739854
005 20260405214634.0
010 _a5-7525-1277-8
_9500
021 _aRU
_b2004-63161
_93113
035 _aRSL-KNO-002486462
035 _a(NLR Aleph) 000729747
090 _a755071
_c755071
100 _a20041012d2004 |||y0rusy50 ca
101 0 _arus
102 _aRU
105 _ay |||||||||
106 _ar
200 1 _aКриминологическое учение о предупреждении преступности: содержание, развитие, реализация
_fГ. Г. Смирнов
_gпод ред. д.ю.н., проф. А. И. Алексеева
_gУрал. гос. ун-т им. А. М. Горького, Урал. ин-т коммерции и права
210 _aЕкатеринбург
_cИзд-во Урал. ун-та
_d2004
215 _a188, [1] c.
_d20
320 _aБиблиогр. в подстроч. прим.
606 0 _aПреступность
_xПредупреждение
_9901455
_3RU\NLR\auth\667733
610 0 _aГосударство и право. Юридические науки -- Криминология -- Российская Федерация
686 _aХ628.3,0
_2rubbk
686 _aХ628.322
700 1 _4070
_8rus
_7ca
_aСмирнов
_bГ. Г.
_cд-р юрид. наук
_f1954-
_gГеннадий Григорьевич
_3RU\NLR\auth\7797583
_980509
801 0 _aRU
_bRuMoRKP
_c20041012
_grcr
801 1 _aRU
_bRuMoRGB
_c20041012
801 2 _aRU
_bNLR
_c20050325
_gPSBO
830 _aавт. по кн.
942 _cBOOK
980 _aNB